000
00220nam a22001097a 4500
003
SGT
082
_a
6.7 BLA
100
_a
BLACK BOOK
245
_a
WEB TECHNOLOGY
260
_a
NEW DELHI
_b
DREAMTECH
_c
2013
942
_2
ddc
_c
CD
999
_c
10945
_d
10945